Countries With Death Penalty - Statistics

General Stats
  • This quiz has been taken 20 times
  • The average score is 48 of 91
Answer Stats
Answer % Correct
China
84%
Russia
84%
United States
84%
India
79%
Japan
79%
North Korea
79%
Iran
74%
Iraq
74%
Oman
74%
Qatar
74%
Saudi Arabia
74%
Thailand
74%
United Arab Emirates
74%
Vietnam
74%
Yemen
74%
Afghanistan
68%
Bahrain
68%
DR Congo
68%
Egypt
68%
Indonesia
68%
Laos
68%
Lebanon
68%
Somalia
68%
South Korea
68%
Sudan
68%
Bangladesh
63%
Brazil
63%
Eritrea
63%
Jordan
63%
Kazakhstan
63%
Kenya
63%
Kuwait
63%
Malaysia
63%
Myanmar
63%
Pakistan
63%
South Sudan
63%
Syria
63%
Algeria
58%
Belarus
58%
Brunei
58%
Ethiopia
58%
Libya
58%
Mali
58%
Niger
58%
Nigeria
58%
Singapore
58%
Taiwan
58%
Uganda
58%
Botswana
53%
Burkina Faso
53%
Cameroon
53%
Central African Republic
53%
Mauritania
53%
Morocco
53%
Sri Lanka
53%
Tanzania
53%
Zambia
53%
Zimbabwe
53%
Cuba
47%
Peru
47%
Tajikistan
47%
Gambia
42%
Ghana
42%
Israel
42%
Maldives
42%
Papua New Guinea
42%
Sierra Leone
42%
Belize
37%
Chile
37%
Lesotho
37%
Liberia
37%
Tunisia
37%
Antigua and Barbuda
32%
Comoros
32%
Eswatini
32%
Trinidad and Tobago
32%
Bahamas
26%
Barbados
26%
Dominica
26%
Equatorial Guinea
26%
Grenada
26%
Guatemala
26%
Guyana
26%
Malawi
26%
El Salvador
21%
Jamaica
21%
Saint Kitts and Nevis
21%
Saint Lucia
21%
Tonga
21%
Saint Vincent & Grenadines
11%
Western Sahara
11%
No matching quizzes found
Score Distribution
Percent of People with Each Score
Percentile by Number Answered
Your Score History
You have not taken this quiz